00808nam a22002177a 4500003000200000005001700002008004100019050002300060100003100083245010900114260007100223300002200294500004100316504005800357650003500415650001400450650004800464700002900512700002400541700002500565020250204152017.0250204b xxu||||| |||| 00| 0 eng d aPN 6790b.S43 2024 aSecreto, Miguel Joaquin M. aArnisekaiban isekai webtoon on the experiences of arnis. cMiguel Joaquin M. Secreto and three others. aLas Pinas CitybSouthville International School and Collegesc2024 a332 pages;c28cm. aBachelor of Arts in Multimedia arts. a Includes bibliographical references and appendices.. aArnis—Filipino Martial Arts. aWebtoon.  aPhilippine Martial Arts in Popular Culture. aReyes, Gabrielle John A. aPanaligan, Mart R.  aBagay, Christian D.